banner-ar

التدريس من اجل الكفاية / (Record no. 41444)

MARC details
000 -الفاتح
حقل البيانات ثابتة الطول 00602nam a2200205Ia 4500
005 - وقت وتاريخ اخر تعامل مع التسجيلة
رقم الضبط 20240530103645.0
008 - عناصر البيانات ثابتة الطول - معلومات عامة
حقل البيانات ثابتة الطول 140319s9999 xx 000 0 ara d
040 ## - مصدر الفهرسة
وكالة الفهرسة الأصلية GCL /
وكالة النسخ GCL
082 04 - رقم تصنيف ديوى العشرى
رقم التصنيف 370.11
رقم المادة س ت
100 1# - المدخل الرئيسى - إسم شخصى
الإسم الشخصى سلفان ، هوارد
245 10 - بيان العنوان
العنوان التدريس من اجل الكفاية /
بيان المسئوليه,etc هوارد سلفان ، نورمان هجنز
300 ## - الوصف المادى
التعداد 146 ص
650 04 - المدخل الاضافى بالموضوع-مصطلح موضوعى
مصطلح موضوعي التربية
650 04 - المدخل الاضافى بالموضوع-مصطلح موضوعى
مصطلح موضوعي التربة
650 04 - المدخل الاضافى بالموضوع-مصطلح موضوعى
مصطلح موضوعي التدريس - طرق
650 04 - المدخل الاضافى بالموضوع-مصطلح موضوعى
مصطلح موضوعي التربية والتعليم
700 1# - المدخل الاضافى - اسم شخصى
الإسم الشخصى محمد عيد (مترجم)
942 ## - عناصر المدخل الإضافي( كوها)
مصدر التصنيف او مخطط الترفيف Dewey Decimal Classification
Koha [default] item type كتاب
Holdings
حالة التراجع حالة الفقد حالة تلف ليس للاعارة المكان المؤقت الموقع الحالى تاريخ الاكتساب اجمالي اﻻعارات رقم الطلب الباركود تاريخ اخر مشاهدة تاريخ تفعيل السعر نوع وعاء كوها
        مكتبة القاهرة الكبرى مكتبة القاهرة الكبرى 03/26/2014   370.11\س ت 100089 03/26/2014 03/26/2014 كتاب
        مكتبة القاهرة الكبرى مكتبة القاهرة الكبرى 03/26/2014   370.11\س ت 100090 03/26/2014 03/26/2014 كتاب
        مكتبة القاهرة الكبرى مكتبة القاهرة الكبرى 03/26/2014   370.11\س ت 100091 03/26/2014 03/26/2014 كتاب

Powered By

EGPV